|
|
|
|
| LEADER |
00000nam a2200000 a 4500 |
| 001 |
1/125555 |
| 008 |
221101s2003####gr | ||| |||| ||gre|| |
| 020 |
|
|
|a 9600216134
|q (set)
|
| 020 |
|
|
|a 960216142
|q (τ. 1)
|
| 020 |
|
|
|a 9600216150
|q (τ. 2)
|
| 040 |
|
|
|a GR-MyUa
|b gre
|c GR-MyUa
|e AACR2
|
| 041 |
1 |
|
|a gre
|h eng
|
| 082 |
7 |
|
|a 301
|2 (22)
|
| 100 |
1 |
|
|a Popper, Karl R.
|q (Karl Raimund),
|d 1902-1994.
|
| 245 |
1 |
2 |
|a Η ανοιχτή κοινωνία και οι εχθροί της /
|c Καρλ Πόππερ ; μετάφραση Ειρήνης Παπαδάκη.
|
| 260 |
|
|
|a Αθήνα :
|b Παπαζήση,
|c 2003.
|
| 300 |
|
|
|a 2 τ ;
|c 21 εκ.
|
| 505 |
8 |
|
|a Τ. 1. Η γοητεία του Πλάτωνα -- τ. 2. Hegel, Marx και τα επακόλουθα.
|
| 650 |
|
0 |
|a Philosophy.
|
| 650 |
|
0 |
|a Social sciences
|x Philosophy.
|
| 650 |
|
0 |
|a Political science
|x Philosophy.
|
| 700 |
1 |
|
|a Παπαδάκη, Ειρήνη,
|e trlf
|
| 740 |
2 |
|
|a Η γοητεία του Πλάτωνα.
|
| 740 |
2 |
|
|a Hegel, Marx και τα επακόλουθα.
|
| 765 |
0 |
8 |
|i Μετάφραση του:
|t The open society and its enemies /
|
| 852 |
|
|
|a INST
|b LESVOS
|e 20221101
|h 301 POP
|p 005100045920
|q 005100045920
|t BK
|v τομ.1:
|y 0
|
| 852 |
|
|
|a INST
|b SAMOS
|e 20221101
|h 301 POP
|p 005300025680
|q 005300025680
|t BK
|v τομ.1:
|y 0
|
| 852 |
|
|
|a INST
|b SAMOS
|e 20221101
|h 301 POP
|p 005300025684
|q 005300025684
|t BK
|v τομ.2:
|y 0
|
| 853 |
|
|
|a INST
|b SAMOS
|h 301 POP
|
| 901 |
|
|
|a BIBL3-2007-2
|
| 901 |
|
|
|a BIBL1-2009-4
|
| 920 |
|
|
|a Τμήμα Κοινωνικής Ανθρωπολογίας και ιστορίας
|y Λέσβος
|z 2009-09
|
| 922 |
|
|
|a 3ΕΛΗ
|b 200707
|c ΕΠΕΑΕΚ2/ΤΜΗΜΑ ΜΑΘΗΜΑΤΙΚΩΝ
|d Σ. ΠΑΤΑΚΗΣ
|
| 970 |
|
|
|a Μαλαγάρη
|b Φωτεινή
|z 02/08/2007
|